000 00623nam a2200181 a 4500
001 000040457
005 20201002034137.0
008 130826s2013 dr a 000 0 spa d
020 _a9789945008166
040 _aDO-SdBNP
_bspa
_cBNPHU
245 0 0 _aCuadernos del retorno a la escritura en libertad :
_bantología poética /
_cEdicion, presentación y notas Rei Berroa.
260 _aSanto Domingo :
_bBúho,
_c2013.
300 _a291 p. :
_bretrs. ;
_c23 cm.
490 1 _aLibros de la Luna
_v8
500 _aIncluye notas al pie de las páginas
700 1 _aBerroa, Rei,
_eed.
_9319
830 0 _aLibros de la Luna
_v8
_910156
999 _c39947
_d39947